Management information systems (Record no. 139062)
[ view plain ]
| 000 -LEADER | |
|---|---|
| fixed length control field | 00240nmm a2200097Ia 4500 |
| 008 - FIXED-LENGTH DATA ELEMENTS--GENERAL INFORMATION | |
| fixed length control field | 220120s9999||||xx |||||||||||||||||und|| |
| 082 ## - DEWEY DECIMAL CLASSIFICATION NUMBER | |
| Classification number | 658.403 8 POS |
| 100 ## - MAIN ENTRY--PERSONAL NAME | |
| Personal name | Post, Gerald, V |
| 245 #0 - TITLE STATEMENT | |
| Title | Management information systems |
| 260 ## - PUBLICATION, DISTRIBUTION, ETC. | |
| Date of publication, distribution, etc. | 2004 |
| Withdrawn status | Lost status | Damaged status | Not for loan | Home library | Current library | Date acquired | Barcode | Date last seen | Price effective from | Koha item type |
|---|---|---|---|---|---|---|---|---|---|---|
| Central Library | Central Library | 01/20/2022 | CD613 | 01/20/2022 | 01/20/2022 | Compact Disc |